Manual del trabajo de campo en la encuesta /

El texto está escrito pensando en la labor que realizan los encuestadores, en este sentido, es un manual orientado al trabajo de campo en las encuestas. Específicamente, se dirige a los encuestadores que realizan la entrevista en presencia del entrevistado, esto es, encuestas cara a cara o personale...

Descripció completa

Guardat en:
Dades bibliogràfiques
Autor principal: Díaz de Randa, Vidal
Format: Text
Idioma:Spanish
Publicat: Madrid: Centro de Investigaciones Sociológicas, 2005
Col·lecció:Cuadernos Metodológicos / CIS 36
Matèries:
Etiquetes: Afegir etiqueta
Sense etiquetes, Sigues el primer a etiquetar aquest registre!

MARC

LEADER 00000 a a2200000 04500
001 32855
003 cru CIDCACS/IIS
005 20230306085957.0
008 190820b2005 ||||| |||| 00| 0 spa d
020 |a 84-7476-388-6  
040 |c cru CIDCACS/IIS 
090 |a 18.04.01 D542m 
100 |a Díaz de Randa, Vidal  
245 |a Manual del trabajo de campo en la encuesta /  |c Vidal Díaz de Rada 
260 |a Madrid:   |b Centro de Investigaciones Sociológicas,   |c 2005 
300 |a 275 p.   |b map.  
440 |9 10956  |a Cuadernos Metodológicos / CIS  |v 36 
520 |a El texto está escrito pensando en la labor que realizan los encuestadores, en este sentido, es un manual orientado al trabajo de campo en las encuestas. Específicamente, se dirige a los encuestadores que realizan la entrevista en presencia del entrevistado, esto es, encuestas cara a cara o personales. Centrados en esto último, las distintas tareas a realizar por el entrevistador en su actividad diaria, se constituyen en tres labores básicas, seleccionar el hogar donde vive la persona que será entrevistada (siguiendo las normas específicas en el diseño muestral) acceder a ese hogar para seleccionar a una determinada persona y, por último, entrevistar a esa persona  
650 |a ENCUESTAS  
650 |a METODOLOGIA  
650 |a CUESTIONARIOS  
650 |a ESTUDIOS DE CASOS  
942 |2 ddc  |c LI 
999 |c 11141  |d 11141